000 00734nam a2200193 a 4500
003 0
005 20250618121932.0
008 021119s19uu xx 00 eng d
050 _aPHS LB 1027.23
_b.M67 2000
100 _aMori, Leona.
245 _aPerception of students or teachers on the teaching techniques in Southville International School /
_cLeona Mori.
260 _aLas PiƱas City, Philippines :
_bSouthville International School and Colleges,
_c2000.
300 _a46 pages :
_billustrations ;
_c28 cm.
504 _aIncludes bibliographical references.
650 _aTeaching
_xMethodology
_zPhilippines.
650 _aTeaching
_zPhilippines
_xEvaluation.
650 _aTeaching
_xPsychological aspects.
942 _2lcc
_cPASS
999 _c96281
_d96281